| 000 | 00462nam a2200181Ia 4500 | ||
|---|---|---|---|
| 005 | 20250508154547.0 | ||
| 008 | 008 250505s9999 xx 000 0 eng d | ||
| 020 | _a0-09-117080-X | ||
| 037 | _aTextual | ||
| 040 |
_aFEDL _beng _cFEDL |
||
| 041 |
_aeng _2eng |
||
| 084 |
_a907, HIL _qFEDL |
||
| 100 | _aHill C P | ||
| 245 | 0 | _aSuggestions on the teaching of history | |
| 300 | _a116p. | ||
| 942 |
_cTEXL _h907, HIL |
||
| 999 |
_c1350915 _d1350915 |
||